000 00784nas a2200265 4500
001 BR0803815
003 BR-BrBNA
005 20231205112328.0
007 ta
008 230509b bl.|||p| |||| 00| 00por d
040 _aBR-BrBNA
_bpor
_cBiblioteca Nacional de Agricultura
041 _a(Pt)
072 _aJ11
100 1 _aSteffens, C.A.
100 1 _aBrackmann, A.
100 1 _aPinto, J.A.V.
100 1 _aEisermann, A.C.
245 1 _aTaxa respiratória de frutas de clima temperado
650 _aFRUTA DE CLIMA TEMPERADO
650 _aARMAZENAMENTO
650 _aPÓS-COLHEITA
773 0 _tPesquisa Agropecuária Brasileira (Brazil)
_xISSN 0100-204X
_g(Mar 2007), v. 42(3) p. 313-321
_wBR0803815
909 _a202311
_bLúcia
_c55
_dLúcia Elande
942 _2AGRIS
_n0
_cANA
999 _c197464
_d197464